000 00611nam a22002177a 4500
005 20231103152029.0
008 230705b |||||||| |||| 00| 0 eng d
020 _a9780070264625
082 _a621.3191
_bDUG
100 _aDugan; Roger C.
245 _aElectrical power systems quality /
_cRoger C. Dugan, Mark F.McGranaghan, Surya Santoso, H.Wayne Beaty.
250 _a2nd ed.
260 _aIndia :
_bMcGraw-Hill,
_cc2009.
300 _a528p.
500 _aInclude index
650 _aEngineering
700 _aMark F.McGranaghan
700 _aSurya Santoso
700 _aH.Wayne Beaty
999 _c18825
_d18825